000 00433nam a2200181Ia 4500
008 210210b1985 xxu||||| |||| 00| 0 eng d
041 _aeng
082 _a829/287
100 _aDICKENS (C)
245 _aGreat expectations: Atkinson Ed
260 _aNew Delhi
_bS. Chand & Co. Ltd.
_c1985
650 _aGreat
650 _aexpectations:
650 _aEd
650 _aAtkinson
690 _aEnglish Fiction
906 _a016892
999 _c136743
_d136743